| 000 | 00370nam a2200121Ia 4500 | ||
|---|---|---|---|
| 008 | 230907s9999||||xx |||||||||||||| ||und|| | ||
| 082 |
_a305.4869703 _bENC |
||
| 245 | 0 | _aEncyclopedia of women & Islamic cultures / | |
| 260 |
_aBrill, _bLeiden ; | Boston, Mass. : _c2003 |
||
| 300 | _a6 v. : | ||
| 650 |
_aEncyclopedias. Encyclopedias. Encyclopedias. _9115693 |
||
| 942 | _cBK | ||
| 999 |
_c599169 _d599169 |
||